Telaash = تلاش / (Record no. 22700)
[ view plain ]
| 000 -LEADER | |
|---|---|
| fixed length control field | 00480nam a2200181Ia 4500 |
| 001 - CONTROL NUMBER | |
| control field | 22439 |
| 005 - DATE AND TIME OF LATEST TRANSACTION | |
| control field | 20240401111140.0 |
| 008 - FIXED-LENGTH DATA ELEMENTS--GENERAL INFORMATION | |
| fixed length control field | 140409s9999 xx 000 0 und d |
| 020 ## - INTERNATIONAL STANDARD BOOK NUMBER | |
| International Standard Book Number | 9695030750 |
| 040 ## - CATALOGING SOURCE | |
| Transcribing agency | PK-LaUMT |
| 082 ## - DEWEY DECIMAL CLASSIFICATION NUMBER | |
| Classification number | APC 297.4 |
| Item number | MUF-T |
| 100 ## - MAIN ENTRY--PERSONAL NAME | |
| Personal name | Mumtaz Mufti = ممتاز مفتی |
| 245 ## - TITLE STATEMENT | |
| Title | Telaash = تلاش / |
| Statement of responsibility, etc | by Mumtaz Mufti = ممتاز مفتی |
| 260 ## - PUBLICATION, DISTRIBUTION, ETC. (IMPRINT) | |
| Place of publication, distribution, etc | Lahore,Pakistan: |
| Name of publisher, distributor, etc | Al-Faisal, |
| Date of publication, distribution, etc | 2001 |
| 300 ## - PHYSICAL DESCRIPTION | |
| Extent | 278 p. |
| 546 ## - LANGUAGE NOTE | |
| Language note | EN |
| 942 ## - ADDED ENTRY ELEMENTS (KOHA) | |
| Koha item type | Books |
| Withdrawn status | Lost status | Damaged status | Home library | Current library | Date acquired | Full call number | Barcode | Date last seen | Price effective from | Koha item type |
|---|---|---|---|---|---|---|---|---|---|---|
| UMT Main Campus | UMT Main Campus | 2014-04-09 | APC 297.4 MUF-T | 145931 | 2019-12-19 | 2014-04-23 | Books | |||
| UMT Main Campus | UMT Main Campus | 2024-04-01 | 297.4 MUF-T | 25167 | 2024-04-01 | 2024-04-01 | Books |
